000 00528nam a22001931c 4500
001 a987693945
008 200520s1951 gw a||| 000u ger d
041 _ager
100 1 _aHassmann, Heinrich
245 0 0 _aErdöl in der Sowjetunion :
_bGeschichte, Gebiete, Probleme
264 _aHamburg :
_bIndustrieverlag von Hernhaussen,
_c[1951]
300 _a176 Seiten : Illustrationen
650 0 _aErdöl
650 0 _aErdölwirtschaft
651 0 _aSowjetunion
942 _cMG
040 _cRU-10907106
003 RU-10907106
999 _c30909
_d30909